| 000 | 00891nam a22002415i 4500 | ||
|---|---|---|---|
| 001 | 177633 | ||
| 003 | ES-MaACL | ||
| 005 | 20230906220358.0 | ||
| 008 | 110407s1974 sp |||| | spa d | ||
| 020 | _a84-7111-083-0 | ||
| 080 | _a349.44(460) | ||
| 100 | 1 |
_aOrtega García, Ángel. _9146057 |
|
| 245 | 1 | 4 |
_aLos deberes o cargas en la legislación urbanística / _cpor Ángel Ortega García ; prólogo de Rafael de Mendizábal Allende. |
| 260 |
_aMadrid : _bMontecorvo, _c1974. |
||
| 300 |
_a293 p. ; _c25 cm. |
||
| 490 | 1 |
_aMonografías. Colección de estudios jurídicos ; _v54 |
|
| 504 | _aBibliografía: p. 291-293. | ||
| 650 |
_aDerecho urbanístico- _zEspaña. _9145987 |
||
| 700 | 0 |
_aMendizábal Allende, Rafael de. _980222 |
|
| 830 | 0 |
_aMonografías. Colección de estudios jurídicos ; _v54 _9190484 |
|
| 852 |
_aES-MaACL _jE-14834 _xOlim P-860-bis |
||
| 999 |
_c177633 _d177633 |
||